000 00416nam a2200157 i 4500
001 93989
003 ES-MaACL
005 20230906181347.0
007 t|
008 050426s1969 sp ||||1| spa d
100 1 _aLópez Sanz, Francisco.
_973970
245 1 0 _aCarlos VIII /
_cFrancisco López Sanz.
260 _aPamplona :
_bGómez,
_c1969.
300 _a317 p. ;
_c22 cm.
852 _aES-MaACL
_jC-38636
_bR.70819
999 _c93989
_d93989